9 Fictional Bald Characters Quiz Stats

 Plays Quiz not verified by Sporcle

Score 0/9 Timer 00:45
1 Play Today
% Correct
Voldemort
96.9%
Uncle Fester
94.8%
Professor X
94.1%
Walter White
93.9%
Dr. Evil
93.2%
Lex Luthor
93.1%
Morpheus
89.8%
Kojak
87.4%
Dr. Manhattan
83.3%

You're not logged in!

Compare scores with friends on all Sporcle quizzes.
OR
Log In

Show Comments

Extras

Top Quizzes Today


Score Distribution

Your Account Isn't Verified!

In order to create a playlist on Sporcle, you need to verify the email address you used during registration. Go to your Sporcle Settings to finish the process.

Report this User

Report this user for behavior that violates our Community Guidelines.

Details: